Statistics for One-Word Title TV Shows Extravaganza!

Click here to take the quiz!

General Stats

  • This quiz has been taken 13 times
  • The average score is 9 of 70

Answer Stats

Release Network Name the show! % Correct
1994 - 10 s.NBCFRIENDS
83%
1993 - 11 s.NBCFRASIER
50%
2004 - 6 s.ABCLOST
42%
2009 - 6 s.NBC/Yahoo!COMMUNITY
25%
2013HistoryVIKINGS
25%
2013CBSMOM
25%
2001 - 10 s.WB/CWSMALLVILLE
25%
1998 - 8 s.WBCHARMED
25%
1999 - 5 s.WBANGEL
25%
2010BBC OneSHERLOCK
17%
2006 - 8 s.USA NetworkPSYCH
17%
1997 - 6 s.HBOOZ
17%
2009 - 6 s.FoxGLEE
17%
2015CWiZOMBIE
17%
2011USA NetworkSUITS
17%
2017CWRIVERDALE
17%
2014FXFARGO
17%
2016FoxLUCIFER
17%
2011 - 6 s.NBCGRIMM
17%
2006 - 4 s.NBCHEROES
17%
2014 - 3 s.SpaceBITTEN
17%
2016CBSMACGYVER
17%
2006 - 8 s.ShowtimeDEXTER
17%
2012CWARROW
17%
2005 - 12 s.FoxBONES
17%
2012CBSELEMENTARY
17%
2005 - 8 s.ShowtimeWEEDS
17%
2005WB/CWSUPERNATURAL
17%
2002 - 1 s.FoxFIREFLY
17%
2014FoxGOTHAM
8%
2014 - 2 s.CBSEXTANT
8%
2017StarzCOUNTERPART
8%
2015 - 3 s.CBSZOO
8%
2014 - 1 s.NBCBELIEVE
8%
2014 - 1 s.NBCCONSTANTINE
8%
2015CBS/CWSUPERGIRL
8%
2015NBCBLINDSPOT
8%
2015MTVSCREAM
8%
2016NBCTIMELESS
8%
2016ShowcaseTRAVELERS
8%
2016CinemaxOUTCAST
8%
2016HBOWESTWORLD
8%
2017FoxGHOSTED
8%
2016USA NetworkCOLONY
8%
2011ShowtimeHOMELAND
8%
2013 - 3 s.NBCHANNIBAL
8%
2008 - 5 s.BBC OneMERLIN
8%
2001 - 9 s.NBC/ABCSCRUBS
8%
2002 - 8 s.USA NetworkMONK
8%
2005 - 6 s.CBSNUMB3RS
8%
2005 - 7 s.NBC/CBSMEDIUM
8%
2006 - 5 s.Sci-Fi/SyfyEUReKA
8%
2006 4 s.BBC ThreeTORCHWOOD
8%
2007 - 5 s.NBCCHUCK
8%
2017FXLEGION
8%
2009 - 5 s.E4MISFITS
8%
2009 - 1 s.ABCFLASHFORWARD
8%
2009 - 8 s.ABCCASTLE
8%
2010 - 5 s.SyfyHAVEN
8%
2011 - 4 s.ABCREVENGE
8%
2011 - 2 s.SyfyALPHAS
8%
2008 - 5 s.FoxFRINGE
0%
2012 - 2 s.NBCREVOLUTION
0%
2007 - 7 s.ShowtimeCALIFORNICATION
0%
2006 - 2 s.CBSJERICHO
0%
2014 - 2 s.SyfyDOMINION
0%
2010 - 6 s.FXJUSTIFIED
0%
2001 - 5 s.ABCALIAS
0%
2012 - 4 s.ShowcaseCONTINUUM
0%
2015 - 3 s.FreeformSTITCHERS
0%

Score Distribution

Percentile by Number Answered

Percent of People with Each Score

Your Score History

You have not taken this quiz